01086nam a22002537b 4500003000500000005001700005008004100022020003000063040002400093041001200117082001300129100003900142245004900181260003900230300002300269490001900292500023500311655002600546655003600572655002600608942005800634999001900692952012100711322820260423115428.0260423b sa ||||j |||| 00| 1 eng d a9781407518039 (paperback) aMPLbengc3228erda aEnglish 0aETF BEEC 9126945a Beechwood, Beth eauthor aKeeping secrets /cadapted by Beth Beechwood aBath :bParragon ,c©2007,c2007. a117 pages :c19 cm aHannah Montana aBased on the television series Hannah Montana, created by Michael Poryes and Rich Correll and Barry O'Brien. Part One is based on the episode written by Michael Poryes, Part Two is based on the episode written by Douglas Lieblein. 09188476aYouth Fiction 09188670aHuman Relations Fiction 09188500aGirls Stories 2ddccBKw296xPhillipina Naudey296zPhillipina Naude c797123d797122 00102ddc40708FaKLIPLbKLIPLcCHILDd2026-04-23l0oETF BEECp33228023504531r2026-04-23w2026-04-23yBKz167530